[Event "Deltalift Open"]
[Site "Tylosand"]
[Date "2015.05.15"]
[Round "5.6"]
[White "Fries-Nielsen, Jens Ove"]
[Black "Johansson, Linus"]
[Result "0-1"]
[WhiteElo "2459"]
[BlackElo "2389"]

1.d3 d5 2.a3 g6 3.Nf3 Bg7 4.g3 Nf6 5.Bg2 O-O 6.O-O c6 7.Nbd2 Nbd7 8.c4 a5 
9.Qc2 a4 10.d4 Nb6 11.c5 Nbd7 12.Rd1 Re8 13.Nb1 e5 14.Nc3 exd4 15.Nxa4 Qa5
16.b3 Ne4 17.Bd2 Nxd2 18.Nxd2 Rxe2 19.Qd3 Re8 20.Re1 Rxe1+ 21.Rxe1 Nxc5 
22.Re8+ Bf8 23.Qxd4 Nxa4 24.bxa4 Bf5 25.Rxa8 Qxa8 26.h4 h5 27.Nb3 Qe8 28.
Qb6 Qe1+ 29.Kh2 Qb1 30.a5 Bc2 31.Qxb7 Qxb3 32.Qxc6 Qc4 33.Qb7 Qd4 34.a6 
Qxf2 35.a7 Be4 36.a8=Q Qxg2# 0-1

[Event "Deltalift Open"]
[Site "Tylosand"]
[Date "2015.05.15"]
[Round "5.7"]
[White "Brynell, Stellan"]
[Black "Haugli, Petter"]
[Result "1/2-1/2"]
[WhiteElo "2433"]
[BlackElo "2256"]

1.e4 c5 2.Nf3 e6 3.g3 Nc6 4.Bg2 Nf6 5.Qe2 d6 6.O-O Be7 7.c3 O-O 8.d4 cxd4 
9.cxd4 d5 10.e5 Ne4 11.Rd1 b6 12.Ne1 a5 13.Bxe4 dxe4 14.Qxe4 Bb7 15.Nc3 
Qd7 16.Be3 Nb4 17.Qg4 Kh8 18.Rac1 Nd5 19.Nxd5 Qxd5 20.f3 Rac8 21.b3 Ba3 
22.Rc2 Rxc2 23.Nxc2 Be7 24.Ne1 Rc8 25.Rc1 Rxc1 26.Bxc1 Bb4 27.Nc2 Bc3 28.
Kf2 a4 29.Qf4 Kg8 30.Qe3 axb3 31.Qxc3 bxc2 32.a3 h6 33.h4 Ba6 34.Qb4 Bb7 
35.Qc3 Ba6 36.Qb4 Bb7 1/2-1/2

[Event "Deltalift Open"]
[Site "Tylosand"]
[Date "2015.05.15"]
[Round "5.8"]
[White "Morling, Joakim"]
[Black "Hillarp Persson, Tiger"]
[Result "0-1"]
[WhiteElo "2170"]
[BlackElo "2548"]

1.d4 Nf6 2.c4 e6 3.Nc3 c5 4.d5 exd5 5.cxd5 d6 6.e4 g6 7.Bd3 Bg7 8.h3 a6 9.
a4 Nbd7 10.Nf3 Nh5 11.Bg5 Bf6 12.Bxf6 Qxf6 13.O-O O-O 14.Re1 Ne5 15.Nxe5 
Qxe5 16.Bf1 Rb8 17.Qc2 Nf4 18.a5 b5 19.axb6 Rxb6 20.Re3 g5 21.Ra2 Ng6 22.
Nb1 f5 23.Nd2 f4 24.Rea3 Qf6 25.Bxa6 Ne5 26.Bxc8 Rxc8 27.Rb3 Rxb3 28.Qxb3 
h5 29.Ra7 Rf8 30.Nf3 Nf7 31.Qc3 Qxc3 32.bxc3 Rb8 33.Ra2 Rb1+ 34.Kh2 Rc1 
35.Re2 g4 36.Nh4 Rxc3 37.Nf5 Kh7 38.hxg4 hxg4 39.Nxd6 Nxd6 40.e5 Nf5 41.e6
g3+ 42.fxg3 fxg3+ 43.Kh3 Rc4 0-1

[Event "Deltalift Open"]
[Site "Tylosand"]
[Date "2015.05.15"]
[Round "5.9"]
[White "Brzezinski, Adam"]
[Black "Blomqvist, Erik"]
[Result "0-1"]
[WhiteElo "2150"]
[BlackElo "2513"]

1.d4 d5 2.c4 c6 3.Nc3 Nf6 4.e3 e6 5.Nf3 Nbd7 6.b3 Bb4 7.Bd2 Qe7 8.Be2 O-O 
9.O-O b6 10.Qc2 Bb7 11.Ne5 Rac8 12.f4 dxc4 13.bxc4 c5 14.Bd3 Rfd8 15.Rad1 
g6 16.Bc1 a6 17.Bb2 cxd4 18.exd4 Nxe5 19.fxe5 Ng4 20.Qe2 Qg5 21.a3 Bxc3 
22.Bxc3 Qe3+ 23.Qxe3 Nxe3 24.Rb1 Nxf1 25.Kxf1 Bd5 26.Rxb6 Bxc4 27.Ke2 Bb5 
28.Kd2 Rb8 29.Rd6 Rxd6 30.exd6 Kf8 31.Bb4 Ke8 32.Bc2 Kd7 33.Ke3 f6 34.Bd1 
Bc6 35.g3 a5 36.Bxa5 Rb1 37.Bc2 Rh1 38.h4 Rg1 39.Bb4 Rxg3+ 40.Kd2 Rh3 41.
a4 Rxh4 42.Bc5 e5 43.a5 exd4 44.a6 Rh2+ 45.Kc1 Rh1+ 46.Kb2 Rh5 47.Bxd4 
Kxd6 0-1

[Event "Deltalift Open"]
[Site "Tylosand"]
[Date "2015.05.15"]
[Round "5.10"]
[White "Bellon Lopez, Juan Manuel"]
[Black "Ask, Josef"]
[Result "1-0"]
[WhiteElo "2364"]
[BlackElo "2172"]

1.c4 g6 2.g3 Bg7 3.Nc3 d6 4.Bg2 e5 5.d3 Nf6 6.e3 O-O 7.Nge2 c6 8.O-O Re8 
9.Rb1 a5 10.a3 h5 11.e4 h4 12.h3 Nh7 13.Be3 f5 14.Qd2 a4 15.Rbd1 Be6 16.
Qc2 Qa5 17.f4 hxg3 18.Nxg3 Nd7 19.exf5 gxf5 20.Nce2 Rf8 21.Rde1 Rae8 22.
Kh2 Bh6 23.Rg1 Kh8 24.Bd2 Qa7 25.Bb4 Nc5 26.Qc3 Nf6 27.fxe5 dxe5 28.d4 
exd4 29.Qxd4 b6 30.Qh4 Qh7 31.Bxc6 Rd8 32.Nd4 Rxd4 33.Qxd4 Bg7 34.Bxc5 
bxc5 35.Qf4 Ne4 36.Ref1 Rd8 37.Bd5 Bc8 38.Nxf5 1-0

[Event "Deltalift Open"]
[Site "Tylosand"]
[Date "2015.05.15"]
[Round "5.11"]
[White "Svensson, Anders 1971"]
[Black "Fries-Nielsen, Niels Jorgen"]
[Result "1/2-1/2"]
[WhiteElo "2130"]
[BlackElo "2343"]

1.e4 a6 2.Nf3 d6 3.d4 Nf6 4.Bd3 Nc6 5.c3 e5 6.dxe5 dxe5 7.O-O Bg4 8.Qe2 
Bd6 9.Nbd2 Nh5 10.Nc4 Qf6 11.Nxd6+ cxd6 12.Rd1 Rc8 13.Be3 Nf4 14.Bxf4 exf4
15.Qd2 Bxf3 16.gxf3 O-O 17.Be2 Rfd8 18.Qd5 Rd7 19.Qh5 Re8 20.Qh3 Rdd8 21.
Rd5 Re5 22.Rad1 Rxd5 23.Rxd5 g6 24.Bd1 Kg7 25.Bb3 Ne5 26.Rd1 Rd7 27.Rd5 
Rc7 28.Kf1 h5 29.Ke2 Rc5 30.Rxc5 dxc5 31.Bd5 c4 32.Qc8 b5 33.Qc7 Nd3 34.b3
Ne5 35.bxc4 bxc4 36.Bxc4 g5 37.h3 g4 38.hxg4 h4 39.Kf1 Nxf3 40.Kg2 Ng5 41.
Bd5 h3+ 42.Kh2 Nf3+ 43.Kxh3 Qh4+ 44.Kg2 Qxg4+ 45.Kf1 Nh2+ 46.Ke1 Nf3+ 47.
Kf1 Nh2+ 48.Ke1 Nf3+ 49.Kf1 Nh2+ 1/2-1/2

[Event "Deltalift Open"]
[Site "Tylosand"]
[Date "2015.05.15"]
[Round "5.12"]
[White "Ziegler, Ari"]
[Black "Lindahl, Emil"]
[Result "0-1"]
[WhiteElo "2305"]
[BlackElo "2171"]

1.e4 c5 2.Nf3 e6 3.d4 cxd4 4.Nxd4 a6 5.g3 Nf6 6.Bg2 Qc7 7.O-O Nc6 8.Nc3 
Nxd4 9.Qxd4 Bc5 10.Qd3 O-O 11.Bf4 d6 12.Na4 e5 13.Bg5 Bd4 14.Bxf6 gxf6 15.
c3 Ba7 16.c4 Be6 17.Rac1 Rac8 18.Qf3 Qe7 19.Nc3 Bxc4 20.Nd5 Qe6 21.Rxc4 
Rxc4 22.Qh5 Kg7 23.Bh3 f5 24.b3 Rc2 25.exf5 Qxd5 26.f6+ Kxf6 27.Qf5+ Kg7 
28.Qxc2 e4 29.Rd1 Qe5 30.Qc4 b5 31.Qc7 Bc5 32.Bg2 Re8 33.Qc6 Re6 34.Rf1 h5
35.Kh1 h4 36.gxh4 Qf4 37.h3 Bd4 38.Qc1 Qxc1 39.Rxc1 Bxf2 40.Bf1 d5 0-1

[Event "Deltalift Open"]
[Site "Tylosand"]
[Date "2015.05.15"]
[Round "5.13"]
[White "Dragicevic, Drazen"]
[Black "Rosell, Tomas"]
[Result "1-0"]
[WhiteElo "2304"]
[BlackElo "2162"]

1.Nf3 f5 2.c4 Nf6 3.g3 g6 4.Bg2 Bg7 5.O-O O-O 6.Nc3 d6 7.d3 e5 8.Rb1 h6 9.
b4 g5 10.b5 Kh8 11.Ba3 Nbd7 12.Qc2 a6 13.Rb3 axb5 14.Nxb5 Ra6 15.Rd1 c5 
16.e3 f4 17.exf4 exf4 18.d4 fxg3 19.hxg3 Qe7 20.Re1 Qd8 21.Rd1 Qe7 22.Re3 
Qf7 23.dxc5 dxc5 24.Nd6 Qg8 25.Qb3 Ng4 26.Re7 Ndf6 27.Nxc8 Rxc8 28.Qxb7 
Rxa3 29.Rxg7 Qxc4 30.Rh7+ Nxh7 31.Qxc8+ Kg7 32.Rd7+ Kg6 33.Qe8+ Kf5 34.
Rxh7 Qc1+ 35.Ne1 Nf6 36.Rf7 Ra6 37.Qe4# 1-0

[Event "Deltalift Open"]
[Site "Tylosand"]
[Date "2015.05.15"]
[Round "5.14"]
[White "Sigeman, Johan"]
[Black "Akesson, Joel"]
[Result "1/2-1/2"]
[WhiteElo "2147"]
[BlackElo "2294"]

1.c4 Nf6 2.Nc3 c5 3.Nf3 b6 4.g3 Bb7 5.Bg2 e6 6.O-O Be7 7.d4 cxd4 8.Nxd4 
Bxg2 9.Kxg2 a6 10.b3 O-O 11.Bb2 Qc7 12.Rc1 Rd8 13.Kg1 d6 14.Qd3 Nbd7 15.
Ne4 Rac8 1/2-1/2

[Event "Deltalift Open"]
[Site "Tylosand"]
[Date "2015.05.15"]
[Round "5.15"]
[White "Rydstrom, Tom"]
[Black "Svenn, Matti"]
[Result "1-0"]
[WhiteElo "2291"]
[BlackElo "2157"]

1.e4 c5 2.Nf3 e6 3.d4 cxd4 4.Nxd4 a6 5.Bd3 Ne7 6.O-O Nec6 7.Nb3 Be7 8.Nc3 
d6 9.f4 Nd7 10.Bd2 O-O 11.Qf3 Re8 12.Rae1 Nf8 13.Kh1 Bd7 14.a4 Ng6 15.Ne2 
Bf6 16.Bc3 Bxc3 17.Nxc3 Nb4 18.Rd1 Qc7 19.Rf2 Rad8 20.Qg3 d5 21.e5 Nxd3 
22.Rxd3 b5 23.axb5 axb5 24.Nd4 b4 25.Nd1 Ra8 26.h4 h6 27.h5 Ne7 28.Kh2 Qc5
29.Ne3 Bb5 30.Rd1 Kh8 31.f5 Nxf5 32.Ndxf5 exf5 33.Rxd5 Qb6 34.Nxf5 Rg8 35.
Rd6 Qc7 36.Nxh6 1-0

[Event "Deltalift Open"]
[Site "Tylosand"]
[Date "2015.05.15"]
[Round "5.16"]
[White "Lind, Jan-Olov"]
[Black "Wallin, Dennis"]
[Result "1/2-1/2"]
[WhiteElo "2245"]
[BlackElo "2142"]

1.e4 d5 2.exd5 Qxd5 3.Nc3 Qd6 4.d4 c6 5.g3 Nf6 6.Bg2 Bg4 7.Nf3 e6 8.O-O 
Be7 9.a3 a5 10.Na4 O-O 11.Nb6 Ra6 12.Nc4 Qd8 13.Nce5 Bxf3 14.Nxf3 b5 15.a4
Qb6 16.Re1 Rd8 17.Bf1 Ra7 18.Bd3 Nbd7 19.Qe2 b4 20.Bd2 c5 21.Bc4 Nf8 22.c3
bxc3 23.bxc3 cxd4 24.cxd4 Nd5 25.Reb1 Bb4 26.Bxd5 Rxd5 27.Bxb4 axb4 28.Qc4
Rb7 29.Rb3 Ra5 30.Ne5 Qa6 31.Rxb4 Rxb4 32.Qxb4 f6 33.Nc6 Rh5 34.Nb8 Qe2 
35.Qe1 Qg4 36.f4 e5 37.dxe5 fxe5 38.Qe4 Qh3 39.Qd5+ Kh8 40.Qg2 Qc8 41.Nc6 
exf4 42.Rc1 fxg3 43.hxg3 Qg4 44.Rf1 Ng6 45.Qf3 Qxf3 46.Rxf3 Rc5 47.Rb3 h6 
48.Rb6 Rc3 49.a5 Nf8 50.Kg2 Nd7 51.Rb7 Nc5 52.Rb8+ Kh7 53.Nb4 Ne4 54.a6 
Rxg3+ 55.Kf1 Ra3 56.Rb6 Nc5 57.Rc6 Nxa6 58.Nxa6 Ra2 59.Nc7 h5 60.Ne8 Ra5 
61.Kg2 Re5 62.Nc7 g6 63.Ne6 Kh6 64.Nf4 Rg5+ 65.Kh3 Rg4 66.Ne6 Kh7 67.Rc7+ 
Kh6 68.Rc8 Kh7 69.Nf8+ Kh6 70.Nd7 Kg5 71.Ne5 Re4 72.Rc5 Re3+ 73.Kg2 Kf6 
74.Nf3 Re4 75.Kg3 1/2-1/2

[Event "Deltalift Open"]
[Site "Tylosand"]
[Date "2015.05.15"]
[Round "5.17"]
[White "Gillefalk, Bjorn"]
[Black "Hansen, Lars"]
[Result "1-0"]
[WhiteElo "2128"]
[BlackElo "2239"]

1.d4 e6 2.e4 d5 3.Nd2 Nf6 4.e5 Nfd7 5.Bd3 c5 6.c3 Nc6 7.Ngf3 Be7 8.a3 Qb6 
9.O-O cxd4 10.cxd4 Nxd4 11.Qa4 Nc6 12.b4 O-O 13.Bb2 Nc5 14.bxc5 Qxb2 15.
Rab1 Qc3 16.Rb3 Qxc5 17.Qg4 f5 18.exf6 Rxf6 19.Bxh7+ Kf8 20.Bg6 e5 21.Qh5 
Rxg6 22.Qxg6 Qd6 23.Nh4 Nd4 24.Re3 Qf6 25.Ndf3 e4 26.Nxd4 Qxd4 27.Nf5 Bxf5
28.Qxf5+ Bf6 29.Rh3 Ke7 30.Rc1 Qe5 31.Qg4 Rd8 32.Rh5 Qd6 33.Rd1 Qe6 34.Qf4
Rd7 35.h3 b6 36.Qb8 d4 37.Rh8 Qf7 38.Qa8 Qg6 39.Qf8+ Ke6 40.Qg8+ Qf7 41.
Qa8 Qg6 42.Re8+ Be7 43.Qc6+ Rd6 44.Qc4+ Kf6 45.Rc8 d3 46.a4 Qf5 47.Rc7 Re6
48.Qd4+ Re5 49.Rdc1 Bc5 50.R1xc5 bxc5 51.Rxc5 Qe6 52.g4 a6 53.f4 exf3 54.
Qf4+ Kg6 55.Qxe5 f2+ 56.Kxf2 Qa2+ 57.Kf3 1-0

[Event "Deltalift Open"]
[Site "Tylosand"]
[Date "2015.05.15"]
[Round "5.18"]
[White "Madebrink, Lars"]
[Black "Malmdin, Nils-Ake"]
[Result "0-1"]
[WhiteElo "2236"]
[BlackElo "2129"]

1.c4 g6 2.Nc3 c5 3.g3 Bg7 4.Bg2 Nc6 5.e3 d6 6.Nge2 h5 7.h3 Nh6 8.e4 Bd7 9.
d3 Rb8 10.Rb1 a6 11.a3 a5 12.Be3 Nd4 13.O-O Qc8 14.h4 Ng4 15.Bg5 f6 16.Bd2
Nc6 17.Nb5 b6 18.Nf4 Nge5 19.Bc3 Bg4 20.f3 Bd7 21.Nd5 O-O 22.Qe2 Qd8 23.
Ne3 Bh6 24.d4 cxd4 25.Nxd4 Nxd4 26.Bxd4 b5 27.c5 Nc6 28.Rfd1 Nxd4 29.Rxd4 
dxc5 30.Rd5 Qc7 31.f4 e6 32.Rd2 Bc6 33.Rc1 c4 34.b3 cxb3 35.e5 Rb6 36.Rd6 
fxe5 37.Rcxc6 Rxc6 38.Rxc6 Qa7 39.Kh1 b2 40.Qxb2 Qxe3 41.Rxe6 Qxg3 42.Kg1 
Bxf4 0-1

[Event "Deltalift Open"]
[Site "Tylosand"]
[Date "2015.05.15"]
[Round "5.19"]
[White "Forsberg, Timmy"]
[Black "Lindh, Fredrik"]
[Result "0-1"]
[WhiteElo "2045"]
[BlackElo "2235"]

1.d4 d5 2.c4 c6 3.Nc3 Nf6 4.e3 a6 5.Nf3 b5 6.b3 Bg4 7.h3 Bxf3 8.gxf3 Nbd7 
9.f4 e6 10.c5 g6 11.Bd3 Bg7 12.Bb2 b4 13.Na4 Ne4 14.Qe2 Qh4 15.Bxe4 dxe4 
16.d5 Bxb2 17.Qxb2 O-O 18.dxc6 Nf6 19.Nb6 Ra7 20.O-O-O Rc7 21.Rd6 Ne8 22.
Qc2 Qf6 23.Kb1 Qc3 24.Rc1 Nxd6 25.Qxc3 bxc3 26.cxd6 Rxc6 27.Nc4 Rd8 28.Kc2
Rc5 29.a4 f6 30.Rd1 Rd5 31.Rg1 Rc8 32.Rf1 Kf7 33.f3 exf3 34.Rxf3 a5 35.e4 
Rxc4 36.exd5 Rd4 37.dxe6+ Kxe6 38.Rd3 Rxd3 39.Kxd3 Kxd6 40.Kxc3 Kc5 41.h4 
h6 42.Kd3 Kb4 43.Ke4 Kxb3 44.Kd5 Kxa4 45.Ke6 Kb5 46.Kxf6 a4 47.Kxg6 a3 0-1

[Event "Deltalift Open"]
[Site "Tylosand"]
[Date "2015.05.15"]
[Round "5.20"]
[White "Angskog, Kent"]
[Black "Nilsson, Patrik 1978"]
[Result "1-0"]
[WhiteElo "2228"]
[BlackElo "2127"]

1.Nf3 f5 2.d3 Nc6 3.d4 d6 4.d5 Ne5 5.Nxe5 dxe5 6.e4 Nf6 7.Nc3 e6 8.Bb5+ 
Bd7 9.Bg5 Bb4 10.Bxf6 Bxc3+ 11.bxc3 gxf6 12.dxe6 Bxb5 13.Qh5+ Ke7 14.Qf7+ 
Kd6 15.O-O-O+ Kc6 16.Rxd8 1-0

[Event "Deltalift Open"]
[Site "Tylosand"]
[Date "2015.05.15"]
[Round "5.21"]
[White "Tryggestad, Andreas Garberg"]
[Black "Fransson, Peter"]
[Result "1-0"]
[WhiteElo "2077"]
[BlackElo "2225"]

1.e4 d6 2.d4 Nf6 3.Nc3 c6 4.f4 Qa5 5.Bd2 e5 6.Nf3 exd4 7.Nxd4 Qb6 8.Nb3 
Be7 9.Qf3 Bg4 10.Qg3 h5 11.h3 h4 12.Qe3 Bh5 13.Qxb6 axb6 14.Bd3 Na6 15.a3 
Nc5 16.Nxc5 bxc5 17.O-O Nd7 18.Rae1 f6 19.Nd1 b5 20.Ne3 c4 21.Be2 Bg6 22.
Bf3 Ra6 23.Bb4 O-O 24.Nf5 Bxf5 25.exf5 Rf7 26.Bh5 c5 27.Bd2 d5 28.Re6 Bd6 
29.Bxf7+ Kxf7 30.c3 Nf8 31.Re2 d4 32.Be1 g6 33.Bxh4 gxf5 34.Be1 Ng6 35.Bd2
d3 36.Ree1 Ne7 37.g4 Ra8 38.Kg2 Rg8 39.Kf3 Nd5 40.Rh1 Rh8 41.h4 fxg4+ 42.
Kxg4 f5+ 43.Kxf5 Nf6 44.Reg1 1-0

[Event "Deltalift Open"]
[Site "Tylosand"]
[Date "2015.05.15"]
[Round "5.22"]
[White "Andersson, Bjorn"]
[Black "Mattsson, Michael"]
[Result "1/2-1/2"]
[WhiteElo "2209"]
[BlackElo "2045"]

1.e4 e5 2.Nf3 Nc6 3.Bb5 a6 4.Ba4 Nf6 5.Qe2 b5 6.Bb3 Be7 7.c3 O-O 8.O-O d5 
9.d3 d4 10.a4 Rb8 11.Rd1 Bg4 12.Nbd2 Nh5 13.Nf1 Bg5 14.h3 Bxf3 15.Qxf3 
Bxc1 16.Raxc1 Nf4 17.axb5 axb5 18.Bd5 Rb6 19.Ng3 dxc3 20.bxc3 Ne7 21.c4 
Rf6 22.Nf5 c6 23.d4 Nxf5 24.dxe5 Nh4 25.Qg4 cxd5 26.exf6 Qxf6 27.g3 Nxh3+ 
28.Qxh3 Nf3+ 29.Kg2 Ng5 30.Qf5 dxc4 31.Rb1 Qxf5 32.exf5 Ne4 33.Rd4 Nc3 34.
Rb2 Rc8 35.g4 f6 36.f4 h5 37.Kf3 Rc5 38.Rd8+ Kf7 39.Rbd2 hxg4+ 40.Kxg4 Rc7
41.Rh2 b4 42.Rhh8 b3 43.Rde8 g5 44.fxg6+ Kxg6 45.f5+ Kg7 46.Reg8+ Kf7 47.
Kh5 b2 48.Rb8 Kg7 49.Rhg8+ Kf7 50.Kh6 Ke7 51.Rxb2 Kd6 52.Re8 Nd5 53.Rd8+ 
Kc6 54.Rd2 Ne3 55.R8d6+ Kc5 56.Rxf6 Ng4+ 57.Kg5 Nxf6 58.Kxf6 c3 59.Rc2 Kd4
60.Kg6 Kd3 61.Rc1 Kd2 1/2-1/2

[Event "Deltalift Open"]
[Site "Tylosand"]
[Date "2015.05.15"]
[Round "5.24"]
[White "Norberg, Erik"]
[Black "Persson, Anders"]
[Result "1/2-1/2"]
[WhiteElo "2268"]
[BlackElo "1984"]

1.g3 e5 2.Bg2 Nf6 3.c4 Nc6 4.Nc3 Bc5 5.Nf3 d6 6.O-O O-O 7.d3 h6 8.Na4 Bb6 
9.Nxb6 axb6 10.b3 Be6 11.Bb2 Qd7 12.d4 exd4 13.Nxd4 Bh3 14.Nb5 Bxg2 15.
Kxg2 Rfe8 16.Bxf6 gxf6 17.e3 Re7 18.Qh5 Kg7 19.Rfd1 Re5 20.Qh4 Rae8 21.Nc3
Ne7 22.Nd5 Nxd5 23.cxd5 Qf5 24.Qc4 h5 25.Rd4 Re4 26.h4 R8e5 27.Rad1 Rg4 
28.Qxc7 Rxd4 29.Rxd4 Rxd5 30.Rf4 Qb1 31.Qc3 Re5 32.a4 Rf5 33.Rxf5 Qxf5 34.
Qd4 d5 35.b4 Kg6 36.Qxb6 Qe4+ 37.Kh2 Qc2 38.e4 Qxe4 39.Qxb7 Qd4 40.Kg1 
Qd1+ 41.Kg2 Qxa4 42.Qb6 Qc2 43.Qd4 Qb3 44.Qc5 Kg7 45.b5 d4 46.Qxh5 d3 47.
Qg4+ Kh7 48.Qd7 Qc4 49.b6 Kg7 50.b7 Qb3 51.Qc8 d2 52.b8=Q Qxb8 53.Qxb8 
d1=Q 54.Qf4 Qd5+ 55.Qf3 Qe6 56.g4 Qd6 57.Qe4 Qb6 58.h5 Qd6 59.Qf5 Qc6+ 60.
f3 Qc3 61.Qf4 Qb2+ 62.Kh3 Qb6 63.Qg3 Kh6 64.f4 Qb5 65.Kh4 Qf1 66.Qe3 Qh1+ 
67.Kg3 f5 68.gxf5 Kxh5 69.Qf3+ Qxf3+ 70.Kxf3 f6 71.Ke3 Kg4 72.Ke4 Kg3 73.
Ke3 1/2-1/2

[Event "Deltalift Open"]
[Site "Tylosand"]
[Date "2015.05.15"]
[Round "5.25"]
[White "Olsson, Bo"]
[Black "Jepson, Christian"]
[Result "0-1"]
[WhiteElo "2115"]
[BlackElo "2417"]

1.d4 d5 2.c4 e6 3.Nc3 c5 4.cxd5 cxd4 5.Qa4+ Bd7 6.Qxd4 exd5 7.e3 Nc6 8.Qd1
Nf6 9.Nf3 Bb4 10.Bd2 O-O 11.Be2 a6 12.O-O Re8 13.a3 Bd6 14.h3 Bf5 15.Re1 
Qd7 16.Bf1 Rad8 17.Ne2 Ne4 18.Ned4 Bb8 19.Nxc6 Qxc6 20.Rc1 Qb6 21.Bc3 Nxc3
22.Rxc3 Be4 23.Nd4 Qd6 24.g3 Qf6 25.Bg2 Be5 26.Qd2 g5 27.Rb3 b5 28.Rc1 Rc8
29.Rbc3 Rxc3 30.Rxc3 Bxd4 31.Qxd4 Qxd4 32.exd4 Bxg2 33.Kxg2 Re2 34.Rc6 
Rxb2 35.Rxa6 b4 36.Ra5 bxa3 37.Rxd5 h6 38.Ra5 a2 39.Ra7 Kg7 40.Ra6 f5 41.
Kf3 h5 42.h4 g4+ 43.Kf4 Rxf2+ 44.Kg5 f4 0-1

[Event "Deltalift Open"]
[Site "Tylosand"]
[Date "2015.05.15"]
[Round "5.26"]
[White "Faldt, Magnus"]
[Black "Danielsson, Fredrik"]
[Result "1/2-1/2"]
[WhiteElo "2198"]
[BlackElo "2100"]

1.d4 Nf6 2.c4 g6 3.Nc3 d5 4.Bf4 Bg7 5.e3 c5 6.dxc5 Qa5 7.Qa4+ Qxa4 8.Nxa4 
Bd7 9.Nc3 Ne4 10.Rc1 Nxc3 11.bxc3 dxc4 12.Bxc4 Na6 13.Bxa6 bxa6 14.e4 O-O 
15.Nf3 Rfc8 16.Ne5 Be6 17.Nd3 Bc4 18.Ke2 Rxc5 19.Rhd1 Ra5 20.Rd2 e5 21.Be3
Rd8 22.Ke1 Rxa2 23.Rxa2 Bxa2 24.Ra1 Rxd3 25.Rxa2 Rxc3 26.Rxa6 Rc7 1/2-1/2

[Event "Deltalift Open"]
[Site "Tylosand"]
[Date "2015.05.15"]
[Round "5.27"]
[White "Thiborg, Jesper"]
[Black "Holst, Conny"]
[Result "0-1"]
[WhiteElo "2065"]
[BlackElo "2183"]

1.g3 c5 2.Bg2 g6 3.d3 Bg7 4.c4 Nc6 5.Nc3 Nf6 6.Nh3 O-O 7.O-O d6 8.Rb1 Bd7 
9.a3 a5 10.e3 Ne8 11.Nf4 Rb8 12.Bd2 Nc7 13.h4 b5 14.h5 bxc4 15.dxc4 Ne5 
16.b3 g5 17.Nfe2 Bg4 18.f3 Bxh5 19.g4 Bg6 20.e4 h6 21.Nd5 Nxd5 22.cxd5 c4 
23.Be3 e6 24.b4 axb4 25.axb4 Nd3 26.dxe6 fxe6 27.b5 d5 28.Ba7 Rb7 29.Qa4 
Qd7 30.Bf2 Nxf2 31.Rxf2 Rfb8 32.Rff1 Rxb5 33.Rbd1 Qc6 34.exd5 exd5 35.f4 
Qc5+ 36.Kh1 Bd3 37.Rde1 d4 38.f5 Rf8 39.f6 Bxf6 40.Rxf6 Rxf6 41.Nxd4 Rb8 
42.Qd7 Qd6 43.Re8+ Rxe8 44.Qxe8+ Rf8 45.Qe3 Rd8 46.Nc6 Rd7 47.Qe8+ Kg7 48.
Qe1 Rc7 49.Qc3+ Qf6 50.Qb4 c3 51.Qb6 Re7 0-1

[Event "Deltalift Open"]
[Site "Tylosand"]
[Date "2015.05.15"]
[Round "5.28"]
[White "Backman, Andreas"]
[Black "Andersson, Robert"]
[Result "1-0"]
[WhiteElo "2177"]
[BlackElo "2067"]

1.d4 Nf6 2.c4 g6 3.Nc3 d5 4.cxd5 Nxd5 5.e4 Nxc3 6.bxc3 Bg7 7.Bc4 c5 8.Ne2 
Nc6 9.Be3 cxd4 10.cxd4 b5 11.Bd5 Bd7 12.O-O O-O 13.Bxc6 Bxc6 14.d5 Bd7 15.
Bd4 e5 16.Be3 a5 17.Rc1 Rc8 18.Qd2 b4 19.Qd3 Rxc1 20.Rxc1 Qb8 21.Ng3 Rc8 
22.Rxc8+ Qxc8 23.h4 h5 24.Nf1 Bf6 25.g3 Kg7 26.Bd2 Qc5 27.Qa6 Qb5 28.Bh6+ 
Kxh6 29.Qxf6 Bh3 30.Qh8# 1-0

[Event "Deltalift Open"]
[Site "Tylosand"]
[Date "2015.05.15"]
[Round "5.29"]
[White "Karlsson, Ulf"]
[Black "Eriksson, Kristian"]
[Result "0-1"]
[WhiteElo "2036"]
[BlackElo "2177"]

1.e4 e5 2.Nf3 Nc6 3.d4 exd4 4.Nxd4 Nf6 5.Nc3 Bb4 6.Nxc6 bxc6 7.Bd3 d5 8.
exd5 cxd5 9.O-O O-O 10.Bg5 c6 11.Ne2 Be7 12.Nd4 Qd6 13.Qd2 c5 14.Nb5 Qb6 
15.Rfe1 Be6 16.Nc3 Rfd8 17.Na4 Qc6 18.Qa5 c4 19.Be2 Rdb8 20.Nc3 Bb4 21.Qa4
Qxa4 22.Nxa4 Bxe1 23.Rxe1 Ne4 24.Be3 Bd7 25.f3 Bxa4 26.fxe4 dxe4 27.Bxc4 
Rxb2 28.Bd5 Rd8 29.c4 Rxa2 30.Bxa7 Bc2 31.Bb6 Rd7 32.Re2 Ra1+ 33.Kf2 Bd3 
34.Rd2 Bxc4 35.Rc2 Ra2 36.Rxa2 Bxa2 37.Bxe4 Bd5 38.Bf5 Rb7 39.Bd4 Rb4 40.
Be5 f6 0-1

[Event "Deltalift Open"]
[Site "Tylosand"]
[Date "2015.05.15"]
[Round "5.30"]
[White "Andersson, Stefan 1964"]
[Black "Drugge, Patrik"]
[Result "0-1"]
[WhiteElo "2029"]
[BlackElo "2171"]

1.d4 d5 2.c4 e6 3.e3 f5 4.Nf3 Nf6 5.Bd3 c6 6.Nc3 Bd6 7.b3 Ne4 8.Bb2 Nd7 9.
Qc2 O-O 10.Rc1 Qe8 11.a3 Qg6 12.g3 Ndf6 13.Ne5 Qh6 14.Be2 g5 15.Bf3 Qh3 
16.Qd3 Nxc3 17.Rxc3 Ne4 18.Rc1 Bxe5 19.dxe5 g4 20.Bd1 f4 21.exf4 Rxf4 22.
Rc2 Ng5 23.cxd5 Re4+ 24.Be2 Qg2 25.Rf1 Nf3+ 26.Kd1 Qxf1+ 0-1

[Event "Deltalift Open"]
[Site "Tylosand"]
[Date "2015.05.15"]
[Round "5.31"]
[White "Karlsson, Jorgen"]
[Black "Stray, Gunnar"]
[Result "1-0"]
[WhiteElo "2161"]
[BlackElo "2067"]

1.Nc3 c5 2.f4 d5 3.Nf3 Nf6 4.d3 Bf5 5.e3 Nc6 6.h3 h5 7.g3 e6 8.Bg2 Be7 9.
Qe2 Bh7 10.Ng5 Bg6 11.Bd2 Rc8 12.Nd1 d4 13.e4 Nd7 14.h4 Nf8 15.Bh3 Bxg5 
16.hxg5 Rc7 17.Nf2 Re7 18.O-O-O f5 19.Qf3 Rg8 20.Rde1 Qd7 21.Re2 Kd8 22.
Rhe1 Nh7 23.exf5 exf5 24.Rxe7 Nxe7 25.Re5 Bf7 26.Bg2 Nc6 27.Rxc5 g6 28.b4 
a6 29.a4 Re8 30.Nd1 Qd6 31.a5 Nf8 32.Nb2 Nd7 33.Nc4 Qe6 34.Rxc6 bxc6 35.
Qxc6 Qxc6 36.Bxc6 Re2 37.Kd1 Rh2 38.Be1 Kc7 39.Bf3 Nb8 40.Nd2 Rh3 41.Nf1 
h4 42.Bg2 Rxg3 43.Nxg3 hxg3 44.Bxg3 Nc6 45.Be1 Na7 46.c4 dxc3 47.Bxc3 Nb5 
48.Be5+ Kc8 49.Kd2 Be6 50.Bc6 Bf7 51.Ke3 Na7 52.Ba4 Kb7 53.Bc3 Nc6 54.b5 
Ne7 55.Be5 axb5 56.Bxb5 Nc6 57.Bc3 Bd5 58.Kd2 Bf7 59.Kc2 Ne7 60.Bd4 Bd5 
61.a6+ Ka8 62.Be8 Be6 63.Bc5 1-0

[Event "Deltalift Open"]
[Site "Tylosand"]
[Date "2015.05.15"]
[Round "5.32"]
[White "Bernhardsson, Sten"]
[Black "Mardell, Jimmy"]
[Result "0-1"]
[WhiteElo "2019"]
[BlackElo "2145"]

1.d4 Nf6 2.Nf3 e6 3.Bg5 h6 4.Bh4 c5 5.e3 Be7 6.Be2 O-O 7.O-O cxd4 8.exd4 
b6 9.c4 Bb7 10.Nc3 d5 11.Re1 Nbd7 12.Ne5 dxc4 13.Bxc4 Nxe5 14.dxe5 Nd7 15.
Bxe7 Qxe7 16.Qg4 Qc5 17.Na4 Qa5 18.Bb3 Nxe5 19.Qd4 Ng6 20.Rad1 Qg5 21.g3 
Rfd8 22.Qb4 Ne5 23.f4 Qg4 24.Rxd8+ Rxd8 25.Qe7 Rd2 26.Qxb7 Nf3+ 27.Kh1 
Rxh2# 0-1

[Event "Harplinge Mini Open"]
[Site "Tylosand"]
[Date "2015.05.15"]
[Round "6.1"]
[White "Zarytovskaya, Margo"]
[Black "Bjorkman, Filip"]
[Result "1-0"]
[WhiteElo "1663"]
[BlackElo "1487"]

1.e4 Nf6 2.e5 Nd5 3.d4 d6 4.Nf3 Bg4 5.Be2 Nc6 6.O-O e6 7.c4 Nb6 8.exd6 
cxd6 9.b3 Be7 10.Bb2 d5 11.c5 Nd7 12.Nc3 a6 13.Qd2 O-O 14.Ne1 Bf5 15.Rd1 
Bf6 16.Nf3 Bg4 17.Nb1 Re8 18.Qf4 Bh5 19.Rfe1 Rc8 20.a3 Nf8 21.Ne5 Bxe5 22.
dxe5 Bxe2 23.Rxe2 Ng6 24.Qg3 Qd7 25.Nd2 Nce7 26.b4 Qb5 27.Ree1 a5 28.Qb3 
a4 29.Qf3 b6 30.cxb6 Rc2 31.Bd4 Nc6 32.Qe3 Nge7 33.Bc5 Nf5 34.Qe2 Ncd4 35.
Qxb5 Nxb5 36.Nb1 Rd8 37.Rc1 Nfd4 38.Bxd4 Nxd4 39.Rxc2 Nxc2 40.Rc1 Nd4 41.
Rc7 Nb5 42.Rc5 Nd4 43.b7 1-0

[Event "Harplinge Mini Open"]
[Site "Tylosand"]
[Date "2015.05.15"]
[Round "6.2"]
[White "Andersson, Fabian"]
[Black "Nilsson, Gert"]
[Result "0-1"]
[WhiteElo "1074"]
[BlackElo "1543"]

1.e4 e5 2.Nf3 Nc6 3.Nc3 Nf6 4.Bc4 Be7 5.d3 d6 6.Bg5 a6 7.O-O O-O 8.Qd2 Bg4
9.Qe3 Bxf3 10.gxf3 Nh5 11.Bxe7 Qxe7 12.Ne2 Qf6 13.Kh1 Nf4 14.Nxf4 exf4 15.
Qe2 Ne5 16.Bb3 Qh6 17.d4 Ng6 18.d5 Ne5 19.c4 Qh5 20.Bd1 Kh8 21.b3 g6 22.a4
f5 23.Rg1 fxe4 24.fxe4 f3 25.Qb2 Kg8 26.Rg3 Ng4 27.h3 Ne5 28.Kg1 Rf4 29.
Qc3 Raf8 30.Kf1 Rh4 31.Ke1 Rxe4+ 32.Kd2 Rff4 33.Qc2 Rd4+ 34.Ke3 Qh6 35.
Bxf3 Nxf3 36.Rxf3 Rfe4# 0-1

[Event "Harplinge Mini Open"]
[Site "Tylosand"]
[Date "2015.05.15"]
[Round "6.3"]
[White "Sniegon, Adam"]
[Black "Bober, Sylwia"]
[Result "1-0"]
[WhiteElo "1585"]
[BlackElo "1399"]

1.d4 d5 2.c4 dxc4 3.e3 c5 4.Bxc4 Nf6 5.Nf3 Qa5+ 6.Bd2 Qb6 7.Qc2 g6 8.Nc3 
cxd4 9.Nxd4 e5 10.Nf3 Nc6 11.Ng5 Nd8 12.O-O Bh6 13.Nf3 Nc6 14.Bb5 O-O 15.
Bxc6 bxc6 16.Nxe5 Re8 17.Nf3 Bf5 18.Qc1 Be4 19.Nxe4 Rxe4 20.Nd4 Rae8 21.h3
Nh5 22.Nf3 Qc7 23.Qc2 Rxe3 24.fxe3 Qg3 25.Rae1 Bg7 26.Bc3 f6 27.Qf2 Qc7 
28.Rd1 Ng3 29.Rfe1 Ne4 30.Qc2 f5 31.Bxg7 Kxg7 32.Rd3 Qg3 33.Red1 a5 34.Rd8
Re6 35.R1d7+ Kh6 36.Rh8 Nf6 37.Ra7 Rxe3 38.Qf2 Rxf3 39.Qxf3 Qe1+ 40.Qf1 
Qe3+ 41.Qf2 Qc1+ 42.Kh2 Qg5 43.g3 Qh5 44.Qd2+ g5 45.Kg2 Ne4 46.Rhxh7+ Kg6 
47.Rag7+ Kf6 48.Qd4+ Ke6 49.Rxh5 c5 50.Rh6+ Nf6 51.Rxf6# 1-0